Strategic brand management for B2B markets : (Record no. 53447)
[ view plain ]
| 000 -LEADER | |
|---|---|
| fixed length control field | 01942nam a22002897a 4500 |
| 005 - DATE AND TIME OF LATEST TRANSACTION | |
| control field | 20110630114551.0 |
| 010 ## - LCCN (DPL NO) | |
| LC control number | ENG-102818 B-456441-445 |
| 020 ## - INTERNATIONAL STANDARD BOOK NUMBER | |
| International Standard Book Number | 9788132105220 |
| Terms of availability | 375.00 |
| 035 ## - SYSTEM CONTROL NUMBER | |
| System control number | EN-86351 B-456441-445 |
| 037 ## - SOURCE OF ACQUISITION | |
| Source of stock number/acquisition | DBAD/PUB |
| 037 ## - SOURCE OF ACQUISITION | |
| Source of stock number/acquisition | Allied Pub/Ven |
| 082 ## - DEWEY DECIMAL CLASSIFICATION NUMBER | |
| Classification number | 658.827 |
| 100 ## - MAIN ENTRY--PERSONAL NAME | |
| Personal name | Sarin, Sharad |
| 245 ## - TITLE STATEMENT | |
| Title | Strategic brand management for B2B markets : |
| Statement of responsibility, etc | by Sharad Sarin |
| Remainder of title | a road map for organizational transformation / |
| 260 ## - PUBLICATION, DISTRIBUTION, ETC. (IMPRINT) | |
| Place of publication, distribution, etc | New Delhi |
| Name of publisher, distributor, etc | Response Books |
| Date of publication, distribution, etc | 2011 |
| 270 ## - ADDRESS | |
| Address | B1/I-11 Mohan Cooperative Industrial Area Mathura Road, |
| City | New Delhi |
| Postal code | 110044 |
| 300 ## - PHYSICAL DESCRIPTION | |
| Extent | xix,260p. |
| Dimensions | 22cm (pbk) |
| 500 ## - GENERAL NOTE | |
| General note | Includes bibliographical references and index |
| 942 ## - ADDED ENTRY ELEMENTS (KOHA) | |
| Source of classification or shelving scheme | Dewey Decimal Classification |
| Item type | English Books |
| Call number suffix | SAR |
| Classification part | 658.827 |
| Withdrawn status | Lost status | Not for loan | Collection code | Home library | Current library | Date acquired | Source of acquisition | Cost, normal purchase price | Full call number | Barcode | Copy number | Cost, replacement price | Koha item type |
|---|---|---|---|---|---|---|---|---|---|---|---|---|---|
| Non-fiction | Central Library | Central Library | 03/05/2012 | Allied Pub/1784/25.1.2012/21/16.1.2012/03.02.2012 | 375.00 | 658.827 SAR | B-456441 | 1 | 375.00 | English Books | |||
| Not For Loan | Non-fiction | D.B.Act.Division | D.B.Act.Division | 30/06/2011 | DBAD / PUB | 375.00 | 658.827 SAR | EN-86351 | 1 | 375.00 | English Books | ||
| Non-fiction | Karol Bagh | Karol Bagh | 03/05/2012 | Allied Pub/1784/25.1.2012/21/16.1.2012/03.02.2012 | 375.00 | 658.827 SAR | B-456444 | 1 | 375.00 | English Books | |||
| Non-fiction | Patel Nagar | Patel Nagar | 03/05/2012 | Allied Pub/1784/25.1.2012/21/16.1.2012/03.02.2012 | 375.00 | 658.827 SAR | B-456442 | 1 | 375.00 | English Books | |||
| Non-fiction | Sarojini Nagar | Sarojini Nagar | 03/05/2012 | Allied Pub/1784/25.1.2012/21/16.1.2012/03.02.2012 | 375.00 | 658.827 SAR | B-456443 | 1 | 375.00 | English Books | |||
| Non-fiction | Shahdara Branch | Shahdara Branch | 03/05/2012 | Allied Pub/1784/25.1.2012/21/16.1.2012/03.02.2012 | 375.00 | 658.827 SAR | B-456445 | 1 | 375.00 | English Books |
